000 00949nas a2200301 4500
001 BR0400740
003 BR-BrBNA
005 20231205104335.0
007 ta
008 230509b bl.|||p| |||| 00| 00por d
040 _aBR-BrBNA
_bpor
_cBiblioteca Nacional de Agricultura
041 _a(Pt)
072 _aL01; L53
100 1 _aBrunetta, G.A.M.
100 1 _aRibeiro, H.F.L.
100 1 _aCamelo, A.S.A.
100 1 _aVale, G.W.
100 1 _aSilva Conceição, J.C.
245 1 _aDistribuição de partos de búfalas criadas em sistema produtivo de pastagem artificial e várzea na região Amazônica
650 _aBÚFALO
650 _aPARTO
650 _aEFICIÊNCIA REPRODUTIVA
650 _aVÁRZEA
650 _aAMAZÔNIA
773 0 _tRevista Brasileira de Reprodução Animal (Brazil)
_xISSN 0102-0803
_g(Abr-Jun 2003), v. 27(2) p. 245-247
_wBR0400740
909 _a202311
_bLúcia
_c55
_dLúcia Elande
942 _2AGRIS
_n0
_cANA
999 _c177648
_d177648